Ángel de seducción = Angel of seduction / (Registro nro. 14732)
[ vista simple ]
| 000 -LEADER | |
|---|---|
| fixed length control field | 01065nam a2200301 a 4500 |
| 001 - CONTROL NUMBER | |
| control field | 000009745 |
| 003 - CONTROL NUMBER IDENTIFIER | |
| control field | DO-SdBNP |
| 005 - DATE AND TIME OF LATEST TRANSACTION | |
| control field | 20240719132354.0 |
| 008 - FIXED-LENGTH DATA ELEMENTS--GENERAL INFORMATION | |
| fixed length control field | 091001s1996 dr a r 000 0 spa d |
| 040 ## - CATALOGING SOURCE | |
| Original cataloging agency | DO-SdBNP |
| Language of cataloging | spa |
| Transcribing agency | BPMSU |
| 082 #4 - DEWEY DECIMAL CLASSIFICATION NUMBER | |
| Classification number | RD861.5 |
| Item number | C117a 1996 |
| Edition number | 22 |
| 100 1# - MAIN ENTRY--PERSONAL NAME | |
| Personal name | Cabrera, Fernando |
| Dates associated with a name | 1964- |
| 245 10 - TITLE STATEMENT | |
| Title | Ángel de seducción = Angel of seduction / |
| Statement of responsibility, etc. | Fernando Cabrera; traducción al inglés de Charlene Santos. |
| 246 12 - VARYING FORM OF TITLE | |
| Title proper/short title | Angel of seduction |
| 260 ## - PUBLICATION, DISTRIBUTION, ETC. (IMPRINT) | |
| Place of publication, distribution, etc. | Santo Domingo : |
| Name of publisher, distributor, etc. | UNPHU, |
| Date of publication, distribution, etc. | 1996. |
| 300 ## - PHYSICAL DESCRIPTION | |
| Extent | 205 p. : |
| Other physical details | il ; |
| Dimensions | 21 cm. |
| 500 ## - GENERAL NOTE | |
| General note | Texto en inglés y español |
| 500 ## - GENERAL NOTE | |
| General note | Incluye datos biográficos del autor en las solapas |
| 586 ## - AWARDS NOTE | |
| Awards note | Premio Pedro Henríquez Ureña de Poesía |
| 590 ## - LOCAL NOTE (RLIN) | |
| Local note | Inventariado, 2024/VM |
| 650 #4 - SUBJECT ADDED ENTRY--TOPICAL TERM | |
| Topical term or geographic name as entry element | Poesía dominicana |
| 650 #0 - SUBJECT ADDED ENTRY--TOPICAL TERM | |
| Topical term or geographic name as entry element | Literatura dominicana. |
| 650 z# - SUBJECT ADDED ENTRY--TOPICAL TERM | |
| Topical term or geographic name as entry element | Dominican literature |
| 700 1# - ADDED ENTRY--PERSONAL NAME | |
| Personal name | Santos, Charlene |
| Relator term | traductor |
| 710 2# - ADDED ENTRY--CORPORATE NAME | |
| Corporate name or jurisdiction name as entry element | Universidad Nacional Pedro Henríquez Ureña (República Dominicana) |
| 910 ## - USER-OPTION DATA (OCLC) | |
| User-option data | VMateo V. Control de calidad. BPMSU |
| 942 ## - ADDED ENTRY ELEMENTS (KOHA) | |
| Source of classification or shelving scheme | Dewey Decimal Classification |
| Koha item type | Libros |
| Withdrawn status | Lost status | Source of classification or shelving scheme | Damaged status | Not for loan | Collection code | Home library | Current library | Date acquired | Total Checkouts | Full call number | Barcode | Date last seen | Price effective from | Koha item type |
|---|---|---|---|---|---|---|---|---|---|---|---|---|---|---|
| Dewey Decimal Classification | Colección Dominicana | Biblioteca Pública Metropolitana Salomé Ureña | Biblioteca Pública Metropolitana Salomé Ureña | 07/19/2024 | BPMSU CD RD861.5 C117a 1996 | BPMSU24070088 | 07/19/2024 | 07/19/2024 | Libros |